000 00990cad a2200241 4500
001 L158323
008 060523n2013 000 0 eng u
035 _a(Sirsi) u158323
041 0 _aeng
050 0 4 _a692.2 $2 18
110 2 _aRoyal Institution of Chartered Surveyors
_94900
245 0 0 _aSubsidence
_b: A clear, impartial guide to
_c[Old edition]
260 _aLondon,
_bRICS,
_c2013
300 _a7 p.
490 _aRICS Consumer guide
505 2 _aWhat is subsidence and how is it caused? -- How can I tell if my house is subsiding? -- How long will it take to rectify? -- How to fix it -- Who pays? -- Free RICS guides -- Further information -- Find a Surveyor
520 _aProvides advice aimed at the general public on how to deal with subsidence.
520 _aSupersedes Subsidence: what every property owner should know, L133912.
520 _aSuperseded by 2022 edition 121271
650 _aSubsidence
690 _aBuilding surveying
_96225
942 _n0
_2ddc
999 _c115263
_d115263